| 000 | 00808nas a2200253 4500 | ||
|---|---|---|---|
| 001 | BR9805201 | ||
| 003 | BR-BrBNA | ||
| 005 | 20231205101139.0 | ||
| 007 | ta | ||
| 008 | 230509b bl.|||p| |||| 00| 00por d | ||
| 040 |
_aBR-BrBNA _bpor _cBiblioteca Nacional de Agricultura |
||
| 041 | _a(Pt) | ||
| 072 | _aF50 | ||
| 100 | 1 | _aCarreira, L.M.M. | |
| 100 | 1 | _aBarata, F.C.A. | |
| 245 | 1 | _aLeguminosas da Amazonia Brasileira; 7: o polen do genero Hymenaea L. (Leguminosae Caesalpinioideae) | |
| 650 | _aMorfologia Vegetal | ||
| 650 | _aPolen | ||
| 650 | _aLeguminosae | ||
| 650 | _aAmazonia | ||
| 773 | 0 |
_tBoletim do Museu Paraense Emilio Goeldi. Serie Botanica (Brazil) _xISSN 0077-2216 _g(Dec 1996), v. 12(2) p. 207-226 _wBR9805201 |
|
| 909 |
_a202311 _bLúcia _c55 _dLúcia Elande |
||
| 942 |
_2AGRIS _n0 _cANA |
||
| 999 |
_c160046 _d160046 |
||